000 01047 a2200205 4500
003 Nust
005 20230317115054.0
010 _a 85028306
020 _a0135397847 :
040 _cNust
082 0 0 _a621.395,MCC
100 1 _aMcCluskey, Edward J.,
_966646
245 1 0 _aLogic design principles :
_bwith emphasis on testable semicustom circuits /
_cEdward J. McCluskey.
260 _aEnglewood Cliffs, N.J. :
_bPrentice-Hall,
_cc1986.
300 _axix, 549 p. :
_bill. ;
_c25 cm.
505 _aNumber systems and Codes (Page-1), Switching Algebra (Page-29), Analysis of Combinational Circuits (Page-68), Integrated circuits (Page-99), Switching Algebra Special Properties (Page-164), Combinational Circuits Design (Page-191), Sequential Circuits fundamental Al Mode Analysis (Page-273), Analysis of Pluse Mode Sequential (Page-328), Sequential Circuit Synthesis (Page-376), Design for Testability (Page-424), Semicustom and MSI Design (Page-489).
650 0 _aLogic circuits.
_917982
650 0 _aLogic design.
_917983
942 _2ddc
_cBK
999 _c183914
_d183914